000 00558nam a2200229Ia 4500
003 OSt
005 20220924144512.0
006 a|||||r|||| 00| 0
007 ta
008 220923b |||||||| |||| 00| 0 urd d
024 _a315122
037 _cTextual
040 _aARTS
_cARTS
_burd
041 _2urd
_aurd
082 _aO168,1N52,4, P6
100 _aAsad Raza
_9217751
245 0 _aShehr-e-ahsas
260 _c2006
650 _aURDU POETRY
942 _hO168,1N52,4, P6
_cTEXL
_2CC
999 _c457267
_d457267